1990: NFL Teams with the Most Points - Statistics

General Stats
  • This quiz has been taken 10 times
  • The average score is 9 of 11
Answer Stats
Number of points NFL Team % Correct
428 Buffalo Bills
100%
353 San Francisco 49ers
100%
348 Chicago Bears
89%
360 Cincinnati Bengals
89%
373 Detroit Lions
89%
369 Kansas City Chiefs
89%
351 Minnesota Vikings
89%
396 Philadelphia Eagles
89%
381 Washington Redskins
78%
348 Atlanta Falcons
67%
405 Houston Oilers
67%
No matching quizzes found
Score Distribution
Percent of People with Each Score
Percentile by Number Answered
Your Score History
You have not taken this quiz